German Vocabulary Test-Food and Drink - Statistics

General Stats
  • This quiz has been taken 305 times
  • The average score is 7 of 8
Answer Stats
German Word English % Correct
Milch Milk
99%
Wasser Water
99%
Bier Beer
97%
Brot Bread
89%
Trinken Drink/Drinking
83%
Ei Egg
81%
Essen Eat/Eating
77%
Schinken Ham
56%
No matching quizzes found
Score Distribution
Percent of People with Each Score
Percentile by Number Answered
Your Score History
You have not taken this quiz